000 00540nam a22001697a 4500
005 20251108163331.0
008 250721s1986 xx 000 0 ara d
082 1 4 _a210.43/عبد
100 1 _aالجواهري، عبد الهادي
245 1 0 _aالتضامن الإسلامي في مجال التنمية الإجتماعية /
264 1 _aالقاهرة :
_bمكتبة نهضة الشرق،
_c1986.
300 _a39ص.
650 1 7 _aالإسلام
650 1 7 _aالمشاكل الإجتماعية
942 _2ddc
_cBK
999 _c70
_d70